00418nam a22001457a 450000500170000000800410001702000140005804100120007208200120008410000120009624500610010826000500016930000280021965000250024720241002071355.0241002b |||||||| |||| 00| 0 eng d a409005916 aEnglish a348 SOU lEnglish aThe South African Encyclopaedia of Forms and Precedents  aDurban: bButterworth and Company Ltd, c1971 bxx, 148 pages; c26 cm. aLegal practice bLaw